| 000 | 00802nam0a22002531 4500 | ||
|---|---|---|---|
| 001 | rc\4187793 | ||
| 005 | 20130415193237.0 | ||
| 021 |
_aRU _b[53-35333] |
||
| 035 | _a(NLR Aleph) 008194484 | ||
| 090 |
_a7996963 _c7996963 |
||
| 100 | _a20130415d1953 |||y0rusy50 ca | ||
| 101 | 0 | _arus | |
| 102 | _aRU | ||
| 105 | _aa z ||||| | ||
| 200 | 1 | _aКак создается карта | |
| 210 |
_aМосква _cГеодезиздат _d1953 |
||
| 215 |
_a63 с., 5 л. черт. _cил. _d22 |
||
| 608 |
_aГеографические карты и атласы _xСоставление _2psbo |
||
| 700 | 1 |
_aЭдельштейн _bА. В. _gАлександр Владимирович |
|
| 801 | 0 |
_aRU _bNLR _gpsbo |
|
| 801 | 1 |
_aRU _bELAR _2rusmarc |
|
| 852 |
_aNLR _jГд02 Г-6/138 |
||
| 942 | _cBOOK | ||
| 980 | _aNB | ||